Statistics for Countries Closest to San Juan

Click here to take the quiz!

General Stats

  • This quiz has been taken 75 times
  • The average score is 8 of 10

Answer Stats

Distance (Miles)Country% Correct
363.6Haiti
98%
144.8Dominican Republic
97%
486.6Bahamas
93%
364.4Dominica
93%
480St. Vincent and the Grenadines
84%
455.9St. Lucia
83%
226.5St. Kitts and Nevis
81%
514.9Grenada
79%
282.8Antigua and Barbuda
76%
464.5Venezuela
47%

Score Distribution

Percentile by Number Answered

Percent of People with Each Score

Your Score History

You have not taken this quiz